000 00300nam a22001337a 4500
008 171005b xxu||||| |||| 00| 0 eng d
020 _a9780201632019
041 _aeng
080 _a159.9
100 _a48
101 _aPSI
245 _aA GUIDE FOR FAMILESIES
_cPOWEL.L.S
942 _2udc
_cBK
999 _c31908
_d31908